[Event "100 Jahre Schvgg Blankenese - Open 2023"]
[Site "Lise-Meitner-Gymnasium (HH)"]
[Date "2023.10.02"]
[Round "5.24"]
[White "Fellberg, Justus"]
[Black "Harms, Friedjof"]
[Result "0-1"]
[WhiteElo "1565"]
[BlackElo "1859"]
[PlyCount "116"]
[EventDate "2023.09.30"]
[EventType "swiss"]
[EventRounds "7"]
[WhiteTeam "SK Wilhelmsburg 1936 eV"]
[BlackTeam "SV Bad Bevensen"]

1. e4 e5 2. Nf3 Nc6 3. d4 exd4 4. Bc4 Nf6 5. O-O Bc5 6. e5 d5 7. Bb5 Ne4 8.
Nxd4 Bd7 9. Nxc6 Bxc6 10. Bxc6+ bxc6 11. Qg4 Qd7 12. Qxd7+ Kxd7 13. Nd2 Nxd2
14. Bxd2 Rhe8 15. Bc3 Re6 16. Rad1 a5 17. a3 Rb8 18. Rfe1 a4 19. Kf1 g6 20. g3
h5 21. h4 Rbe8 22. Re4 f6 23. f4 Ra8 24. Re2 fxe5 25. Bxe5 Bd6 26. Rde1 Bxe5
27. Rxe5 Rxe5 28. Rxe5 Rb8 29. f5 gxf5 30. Rxf5 Rxb2 31. Rxh5 Ra2 32. Rf5 Rxa3
33. g4 Ra1+ 34. Ke2 a3 35. Rf3 a2 36. Ra3 Rg1 37. Rxa2 Rxg4 38. h5 Rh4 39. h6
Rxh6 40. Ra4 Rh3 41. Rg4 c5 42. Rg6 c6 43. Rg7+ Kd6 44. Rg6+ Kc7 45. Rg7+ Kb6
46. Rg8 Kb5 47. Rb8+ Kc4 48. Rc8 Rh2+ 49. Kd1 Kc3 50. Rxc6 c4 51. Rd6 d4 52.
Rc6 Rd2+ 53. Ke1 Rxc2 54. Kd1 Rh2 55. Ra6 Rh1+ 56. Ke2 d3+ 57. Ke3 d2 58. Ra3+
Kb2 0-1

[Event "100 Jahre Schvgg Blankenese - Open 2023"]
[Site "Lise-Meitner-Gymnasium (HH)"]
[Date "2023.10.02"]
[Round "5.25"]
[White "Mi, Gufeng"]
[Black "Paulsen, Tino"]
[Result "0-1"]
[WhiteElo "1537"]
[BlackElo "1754"]
[PlyCount "110"]
[EventDate "2023.09.30"]
[EventType "swiss"]
[EventRounds "7"]
[WhiteTeam "Niendorfer TSV 1919 SAbt"]
[BlackTeam "SF Hamburg e.V. 1934"]

1. d4 Nf6 2. Bf4 g6 3. Nf3 Bg7 4. h3 O-O 5. e3 d6 6. Be2 Nfd7 7. O-O e5 8. Bh2
Nc6 9. d5 Ne7 10. e4 f5 11. Nbd2 Nf6 12. Bd3 fxe4 13. Nxe4 h6 14. c4 g5 15. Qc2
Nh5 16. Rad1 g4 17. hxg4 Bxg4 18. Be2 Nf4 19. Bxf4 Rxf4 20. Qd3 Bf6 21. Nfd2
Qe8 22. Bf3 Qg6 23. Rfe1 Rf8 24. Qe2 Bh3 25. Ng3 Nf5 26. Bh5 Nxg3 27. Bxg6
Nxe2+ 28. Rxe2 Be7 29. Ne4 Bf6 30. Rc1 Kg7 31. Bh5 Bf5 32. f3 Rh4 33. Nxf6 Kxf6
34. g4 Bg6 35. Bxg6 Kxg6 36. Kg2 h5 37. Kg3 Kg5 38. Re4 Rf4 39. Rce1 hxg4 40.
Rxf4 exf4+ 41. Kg2 g3 42. Re7 Rh2+ 43. Kg1 Rf2 44. Rg7+ Kf5 45. Rf7+ Ke5 46.
Re7+ Kd4 47. Re4+ Kd3 48. Rxf4 Ke3 49. Rf7 Rxb2 50. Rxc7 Kxf3 51. Rf7+ Ke4 52.
Rg7 g2 53. Rg4+ Kf3 54. Rg7 Rb1+ 55. Kh2 Rh1# 0-1

[Event "100 Jahre Schvgg Blankenese - Open 2023"]
[Site "Lise-Meitner-Gymnasium (HH)"]
[Date "2023.10.02"]
[Round "5.26"]
[White "Winkelmann, Martin"]
[Black "Zweig, Gregor"]
[Result "1-0"]
[WhiteElo "1769"]
[BlackElo "1152"]
[PlyCount "83"]
[EventDate "2023.09.30"]
[EventType "swiss"]
[EventRounds "7"]
[WhiteTeam "SF Buxtehude"]
[BlackTeam "SK Union Eimsbuettel eV"]

1. e4 c6 2. Nc3 d5 3. Qf3 dxe4 4. Nxe4 Nf6 5. Bc4 Nbd7 6. Bb3 Ne5 7. Nxf6+ exf6
8. Qg3 Ng6 9. Ne2 Bd6 10. Qe3+ Qe7 11. d4 O-O 12. Qxe7 Nxe7 13. Bf4 Nf5 14.
Bxd6 Nxd6 15. O-O Bf5 16. Ng3 Be6 17. Rfe1 Rfe8 18. Rad1 Bxb3 19. axb3 Kf8 20.
Kf1 g6 21. d5 cxd5 22. Rxd5 Rxe1+ 23. Kxe1 Ke7 24. Kd2 Rc8 25. c4 Ke6 26. Kd3
f5 27. f3 b5 28. Rd4 h5 29. Ne2 bxc4+ 30. bxc4 g5 31. b4 a6 32. Nc3 f6 33. Na4
Ke7 34. Nb6 Rd8 35. Nd5+ Ke6 36. Nc7+ Ke7 37. c5 Nb7 38. Rxd8 Kxd8 39. Nxa6 Kd7
40. Kc4 f4 41. Kd5 f5 42. c6+ 1-0

[Event "100 Jahre Schvgg Blankenese - Open 2023"]
[Site "Lise-Meitner-Gymnasium (HH)"]
[Date "2023.10.02"]
[Round "5.27"]
[White "Klaeke, Gregor"]
[Black "Annegarn, Alexander"]
[Result "0-1"]
[WhiteElo "1542"]
[BlackElo "1983"]
[PlyCount "82"]
[EventDate "2023.09.30"]
[EventType "swiss"]
[EventRounds "7"]
[WhiteTeam "Niendorfer TSV 1919 SAbt"]
[BlackTeam "SG Glückstadt von 1920"]

1. c4 Nf6 2. Nc3 e5 3. e4 Nc6 4. Nf3 Bc5 5. h3 d6 6. d3 O-O 7. Be2 Nh5 8. Bg5
f6 9. Be3 Bxe3 10. fxe3 Ng3 11. Rh2 f5 12. Qd2 fxe4 13. dxe4 Be6 14. O-O-O b5
15. c5 b4 16. Nd5 Nxe4 17. Qc2 Nxc5 18. h4 b3 19. axb3 Rb8 20. Bc4 h6 21. Rhh1
Na5 22. Ng5 hxg5 23. hxg5 e4 24. g6 Nd3+ 25. Rxd3 exd3 26. Qxd3 Nxc4 27. bxc4
Bf5 28. Qd4 Bxg6 29. Qg4 Rf6 30. Rd1 c6 31. Nxf6+ Qxf6 32. Qe2 Qc3+ 33. bxc3
Rb1+ 34. Kd2 Rb2+ 35. Ke1 Rxe2+ 36. Kxe2 Bh5+ 37. Kd2 Bxd1 38. Kxd1 Kf7 39. Kd2
Ke6 40. e4 Ke5 41. Kd3 c5 0-1

[Event "100 Jahre Schvgg Blankenese - Open 2023"]
[Site "Lise-Meitner-Gymnasium (HH)"]
[Date "2023.10.02"]
[Round "5.28"]
[White "Pienski, Olaf"]
[Black "Kraft, Cynthia Yumi"]
[Result "1-0"]
[WhiteElo "1852"]
[BlackElo "1459"]
[PlyCount "91"]
[EventDate "2023.09.30"]
[EventType "swiss"]
[EventRounds "7"]
[WhiteTeam "SF Leherheide von 1950"]
[BlackTeam "Hamburger SK von 1830 eV"]

1. e4 c5 2. Nf3 d6 3. d4 cxd4 4. Nxd4 Nf6 5. Nc3 a6 6. g3 e5 7. Nde2 Be6 8. Bg2
Be7 9. O-O O-O 10. h3 Nbd7 11. g4 Rc8 12. Nd5 Bxd5 13. exd5 Qc7 14. c3 Nb6 15.
b3 h5 16. g5 Nh7 17. h4 Qd7 18. c4 Qg4 19. Ng3 Qxd1 20. Rxd1 g6 21. Bh3 Rcd8
22. Ne4 f6 23. gxf6 Bxf6 24. Nxf6+ Rxf6 25. Be3 Nd7 26. b4 Kg7 27. c5 Rf3 28.
Bg2 Rxe3 29. fxe3 dxc5 30. bxc5 Nxc5 31. Rac1 b6 32. Rc4 Rd6 33. a4 a5 34. e4
Nf6 35. Bf3 Kh6 36. Kf2 Kg7 37. Ke3 Kh6 38. Rg1 Kg7 39. Rg5 Kh6 40. Rxe5 Ng4+
41. Bxg4 hxg4 42. Rg5 Nd7 43. Rc6 Rf6 44. Kd4 g3 45. Rxf6 Nxf6 46. e5 1-0

[Event "100 Jahre Schvgg Blankenese - Open 2023"]
[Site "Lise-Meitner-Gymnasium (HH)"]
[Date "2023.10.02"]
[Round "5.29"]
[White "Emami, Madjid"]
[Black "Wang, Kaiwen"]
[Result "1-0"]
[WhiteElo "1891"]
[BlackElo "1361"]
[PlyCount "93"]
[EventDate "2023.09.30"]
[EventType "swiss"]
[EventRounds "7"]
[WhiteTeam "Hamburger SK von 1830 eV"]
[BlackTeam "Hamburger SK von 1830 eV"]

1. g3 d5 2. Bg2 c5 3. f4 e6 4. Nf3 Nc6 5. O-O Bd6 6. d3 Nge7 7. e4 O-O 8. Qe2
b5 9. a4 b4 10. Nbd2 a5 11. Re1 Qb6 12. Kh1 Ba6 13. e5 Bc7 14. g4 Rae8 15. b3
Ng6 16. Nf1 Re7 17. h4 Rfe8 18. h5 Nf8 19. Be3 Rd7 20. Rab1 Ne7 21. Ng3 Bb7 22.
Qf2 d4 23. Bd2 Rdd8 24. Ne4 Nd7 25. Qh4 Bxe4 26. Rxe4 h6 27. Bh3 Rc8 28. Qg3
Kh7 29. Kh2 Rg8 30. Nh4 Qb8 31. g5 Kh8 32. Rbe1 Nd5 33. Nf3 Rcd8 34. R4e2 N7b6
35. g6 f5 36. exf6 Nxf4 37. Ne5 Bxe5 38. Rxe5 gxf6 39. Bxf4 Qb7 40. Rxe6 Nd5
41. Bxh6 Qc7 42. Qxc7 Nxc7 43. Re7 Rge8 44. Rxe8+ Nxe8 45. Re7 Ra8 46. Rh7+ Kg8
47. Be6# 1-0

[Event "100 Jahre Schvgg Blankenese - Open 2023"]
[Site "Lise-Meitner-Gymnasium (HH)"]
[Date "2023.10.02"]
[Round "5.30"]
[White "Voigt, Dominik"]
[Black "Reich, Kristina"]
[Result "1-0"]
[WhiteElo "1726"]
[BlackElo "1525"]
[PlyCount "41"]
[EventDate "2023.09.30"]
[EventType "swiss"]
[EventRounds "7"]
[WhiteTeam "HSK Lister Turm"]
[BlackTeam "Hamburger SK von 1830 eV"]

1. e4 c5 2. Nf3 Nf6 3. e5 Nd5 4. c3 Nc6 5. g3 g6 6. Bg2 Bg7 7. O-O e6 8. d4 d6
9. Bg5 f6 10. exf6 Nxf6 11. d5 exd5 12. Re1+ Kf7 13. Bxf6 Bxf6 14. Qxd5+ Kg7
15. Nbd2 Ne5 16. Rad1 Qb6 17. Ne4 Bg4 18. Nxf6 Nxf3+ 19. Bxf3 Bxf3 20. Re7+ Kh6
21. Qxf3 1-0

[Event "100 Jahre Schvgg Blankenese - Open 2023"]
[Site "Lise-Meitner-Gymnasium (HH)"]
[Date "2023.10.02"]
[Round "5.31"]
[White "Kraft, Gerhard"]
[Black "Körber, Uwe"]
[Result "1-0"]
[WhiteElo "1945"]
[BlackElo "1742"]
[PlyCount "77"]
[EventDate "2023.09.30"]
[EventType "swiss"]
[EventRounds "7"]
[WhiteTeam "SchVgg Blankenese von 1923 e.V."]
[BlackTeam "Findorffer Sfr"]

1. e4 c5 2. Nf3 e6 3. c3 d5 4. e5 c4 5. b3 b5 6. a4 Bd7 7. axb5 Bxb5 8. Nd4 Qb6
9. Nxb5 Qxb5 10. bxc4 dxc4 11. Qa4 Qxa4 12. Rxa4 Nd7 13. Bxc4 Nxe5 14. Bb5+ Ke7
15. Ba3+ Kf6 16. d4 Ng6 17. Bxf8 Nxf8 18. Nd2 Ne7 19. Ne4+ Kg6 20. Ke2 f5 21.
Nc5 Kf7 22. Rha1 Nfg6 23. Rxa7 Rxa7 24. Rxa7 Rd8 25. Bc4 Nf8 26. f4 Kf6 27. Ra6
Nd5 28. Bxd5 Rxd5 29. Ke3 Rd8 30. c4 Kf7 31. Nd3 Rb8 32. Ne5+ Ke8 33. Ra7 Rb3+
34. Nd3 Nd7 35. c5 Kd8 36. Kd2 g6 37. Kc2 Rb8 38. c6 Rc8 39. Rxd7+ 1-0

[Event "100 Jahre Schvgg Blankenese - Open 2023"]
[Site "Lise-Meitner-Gymnasium (HH)"]
[Date "2023.10.02"]
[Round "5.32"]
[White "Kalkowski, Andreas"]
[Black "Smith, Tobias"]
[Result "0-1"]
[WhiteElo "1511"]
[BlackElo "1648"]
[PlyCount "64"]
[EventDate "2023.09.30"]
[EventType "swiss"]
[EventRounds "7"]
[WhiteTeam "Königsspr. SC.1984 e.V."]
[BlackTeam "TSG Oberschöneweide e.V."]

1. d4 d5 2. c4 dxc4 3. a4 e5 4. d5 c6 5. e4 Nf6 6. Bg5 Bb4+ 7. Nc3 Bxc3+ 8.
bxc3 Qa5 9. f3 Qxc3+ 10. Bd2 Qd4 11. Ne2 Qc5 12. Nc3 O-O 13. Rc1 b5 14. Na2
cxd5 15. Bb4 Qe3+ 16. Qe2 Qxe2+ 17. Bxe2 d4 18. Bxf8 Kxf8 19. axb5 c3 20. Nb4
Be6 21. g4 Nfd7 22. Nd5 Bxd5 23. exd5 Nb6 24. Bd3 N8d7 25. Rf1 Nxd5 26. Be4
N7f6 27. g5 Nxe4 28. fxe4 Ne3 29. Rf2 Rb8 30. Ra2 Rxb5 31. Rxa7 Rb2 32. Rca1
Nc2+ 0-1

[Event "100 Jahre Schvgg Blankenese - Open 2023"]
[Site "Lise-Meitner-Gymnasium (HH)"]
[Date "2023.10.02"]
[Round "5.33"]
[White "Borgert, Alexander"]
[Black "Bächler, Andreas"]
[Result "1/2-1/2"]
[WhiteElo "1549"]
[BlackElo "1509"]
[PlyCount "120"]
[EventDate "2023.09.30"]
[EventType "swiss"]
[EventRounds "7"]
[WhiteTeam "Hamburger SK von 1830 eV"]
[BlackTeam "SC Turm Lüneburg e.V."]

1. d4 Nf6 2. c4 c5 3. d5 e6 4. Nc3 exd5 5. cxd5 Bd6 6. Nf3 O-O 7. Bg5 h6 8. Bh4
Re8 9. e3 Bf8 10. Bc4 d6 11. O-O Bg4 12. h3 Bxf3 13. Qxf3 Nbd7 14. Bg3 a6 15.
b3 b5 16. Be2 Ne5 17. Bxe5 Rxe5 18. Rfd1 g6 19. Qg3 Bg7 20. Bf3 Nh5 21. Bxh5
Rxh5 22. Rac1 Re5 23. Rc2 Re8 24. Qg4 Qe7 25. Rd3 Rac8 26. Nb1 Rc7 27. Nd2 Rec8
28. a4 Qe5 29. axb5 Qa1+ 30. Kh2 axb5 31. Qe4 Qe5+ 32. Qxe5 Bxe5+ 33. f4 Bg7
34. e4 c4 35. bxc4 bxc4 36. Ra3 c3 37. Nb1 Kf8 38. Kg3 Ke7 39. Kf2 f5 40. exf5
gxf5 41. Kf3 Rc5 42. g3 h5 43. Rb3 h4 44. gxh4 Rxd5 45. Nxc3 Bd4 46. Ke2 Rxc3
47. Rbxc3 Bxc3 48. Rxc3 Kf6 49. h5 Kg7 50. Rg3+ Kh6 51. Rg5 Rb5 52. Kd3 Ra5 53.
h4 Ra3+ 54. Kd4 Ra4+ 55. Ke3 Ra3+ 56. Kd2 Ra5 57. Kc3 Rc5+ 58. Kb4 Rd5 59. Kc4
Rc5+ 60. Kd4 Ra5 1/2-1/2

[Event "100 Jahre Schvgg Blankenese - Open 2023"]
[Site "Lise-Meitner-Gymnasium (HH)"]
[Date "2023.10.02"]
[Round "5.34"]
[White "Frackowiak, Stanislaw"]
[Black "Müller, Marius"]
[Result "0-1"]
[WhiteElo "1520"]
[BlackElo "1672"]
[PlyCount "113"]
[EventDate "2023.09.30"]
[EventType "swiss"]
[EventRounds "7"]
[WhiteTeam "Hamburger SK von 1830 eV"]
[BlackTeam "Hamburger SK von 1830 eV"]

1. d4 e6 2. Nf3 c5 3. e3 d5 4. c3 Nf6 5. Bd3 Nc6 6. Nbd2 Bd6 7. O-O O-O 8. e4
dxe4 9. Nxe4 Nxe4 10. Bxe4 g6 11. Bh6 Re8 12. Ng5 Ne7 13. Nf3 Nf5 14. Bg5 Be7
15. Bxe7 Qxe7 16. dxc5 Qxc5 17. Qb3 Nd6 18. Bc2 Bd7 19. Rfe1 Bc6 20. Re5 Bd5
21. Qa4 Nc4 22. b4 Qb6 23. Re2 Bxf3 24. gxf3 Red8 25. Be4 Nd2 26. Qc2 Nxe4 27.
Qxe4 Rac8 28. Re3 Rd5 29. f4 Qc6 30. Rae1 Qc4 31. Qxc4 Rxc4 32. a4 Rxf4 33. Kf1
Rd2 34. R1e2 Rd1+ 35. Re1 Rxe1+ 36. Kxe1 Kf8 37. Ke2 Ke7 38. Rd3 h5 39. h3 Rc4
40. a5 a6 41. Kf3 e5 42. Kg3 g5 43. f3 Ke6 44. Kf2 f6 45. Kg3 e4 46. fxe4 Rxe4
47. Kf3 Rc4 48. Kg2 h4 49. Kh2 Re4 50. Kg2 Re2+ 51. Kf3 Rh2 52. Kg4 Rg2+ 53.
Kf3 Rg3+ 54. Ke4 Rxd3 55. Kxd3 g4 56. Ke3 gxh3 57. Kf2 0-1

[Event "100 Jahre Schvgg Blankenese - Open 2023"]
[Site "Lise-Meitner-Gymnasium (HH)"]
[Date "2023.10.02"]
[Round "5.35"]
[White "Pavlov, Dmitriy"]
[Black "Schacht, David"]
[Result "1/2-1/2"]
[WhiteElo "1398"]
[BlackElo "1633"]
[PlyCount "42"]
[EventDate "2023.09.30"]
[EventType "swiss"]
[EventRounds "7"]
[WhiteTeam "SV Eidelstedt"]
[BlackTeam "SchVgg Blankenese von 1923 e.V."]

1. e4 e5 2. Nf3 Nc6 3. Bc4 Bc5 4. c3 Nf6 5. d4 exd4 6. cxd4 Bb4+ 7. Bd2 Bxd2+
8. Nbxd2 d5 9. exd5 Nxd5 10. Qb3 Nce7 11. O-O O-O 12. Rfe1 c6 13. a3 Ng6 14. g3
b5 15. Bf1 Be6 16. Qc2 Qd7 17. Ne5 Nxe5 18. dxe5 Bf5 19. Qc5 Rfe8 20. Nf3 Rac8
21. Nd4 Qe7 1/2-1/2

[Event "100 Jahre Schvgg Blankenese - Open 2023"]
[Site "Lise-Meitner-Gymnasium (HH)"]
[Date "2023.10.02"]
[Round "5.36"]
[White "Alieksieiev, Oleksii"]
[Black "Wolff, Ole"]
[Result "1/2-1/2"]
[WhiteElo "1591"]
[BlackElo "1167"]
[PlyCount "89"]
[EventDate "2023.09.30"]
[EventType "swiss"]
[EventRounds "7"]
[WhiteTeam "Hamburger SK von 1830 eV"]
[BlackTeam "SchVgg Blankenese von 1923 e.V."]

1. e4 e6 2. d4 d5 3. e5 c5 4. c3 Qb6 5. Nf3 Nc6 6. Bd3 Bd7 7. dxc5 Bxc5 8. O-O
Qc7 9. Re1 Nge7 10. b4 Bb6 11. a4 a6 12. Nbd2 Ng6 13. Nb3 O-O 14. h4 f5 15. h5
Nge7 16. Rb1 Nd8 17. a5 Ba7 18. Bg5 Nec6 19. Qd2 Nf7 20. Bf4 h6 21. Re2 b6 22.
axb6 Bxb6 23. Nh4 Rfe8 24. Ng6 Qd8 25. c4 dxc4 26. Bxc4 Kh7 27. Rd1 Bc8 28. Qc2
Qc7 29. b5 Nb4 30. Qc1 axb5 31. Bxb5 Qxc1 32. Rxc1 Rd8 33. Be3 Bxe3 34. Rxe3
Nd5 35. Re2 Ba6 36. Bxa6 Rxa6 37. Rec2 Nh8 38. Nxh8 Rxh8 39. Rc6 Rxc6 40. Rxc6
Re8 41. g3 Kg8 42. Nd4 Kf7 43. Rd6 Nb4 44. Kg2 Re7 45. Nc6 1/2-1/2

[Event "100 Jahre Schvgg Blankenese - Open 2023"]
[Site "Lise-Meitner-Gymnasium (HH)"]
[Date "2023.10.02"]
[Round "5.37"]
[White "Lohmann, Rene"]
[Black "Khattar, Ranvir Singh"]
[Result "1/2-1/2"]
[WhiteElo "1526"]
[BlackElo "1209"]
[PlyCount "38"]
[EventDate "2023.09.30"]
[EventType "swiss"]
[EventRounds "7"]
[WhiteTeam "SK Wilhelmsburg 1936 eV"]
[BlackTeam "SK Wilhelmsburg 1936 eV"]

1. d4 d5 2. c4 e6 3. Nc3 Nf6 4. cxd5 exd5 5. Bg5 Be7 6. Qc2 Be6 7. e3 O-O 8.
Bd3 a6 9. Nf3 Nbd7 10. O-O Re8 11. Ne5 Nxe5 12. dxe5 Nd7 13. Bxe7 Qxe7 14. f4
Qc5 15. Rad1 d4 16. exd4 Qxd4+ 17. Kh1 Nc5 18. Be4 c6 19. f5 Bc4 1/2-1/2

[Event "100 Jahre Schvgg Blankenese - Open 2023"]
[Site "Lise-Meitner-Gymnasium (HH)"]
[Date "2023.10.02"]
[Round "5.38"]
[White "von Flottwell, Nils"]
[Black "Braren, Ove Neelis"]
[Result "0-1"]
[WhiteElo "1014"]
[BlackElo "1451"]
[PlyCount "74"]
[EventDate "2023.09.30"]
[EventType "swiss"]
[EventRounds "7"]
[WhiteTeam "SK Wilhelmsburg 1936 eV"]
[BlackTeam "Königsspr. SC.1984 e.V."]

1. e4 e5 2. Nf3 Nc6 3. Nc3 Nf6 4. d4 exd4 5. Nxd4 Bb4 6. Nxc6 bxc6 7. Bd3 a6 8.
Bd2 d5 9. exd5 cxd5 10. O-O O-O 11. a3 Bd6 12. Qf3 Bg4 13. Qe3 d4 14. Qe1 dxc3
15. Bxc3 Re8 16. Qd2 Be5 17. Bxe5 Rxe5 18. Rae1 Rxe1 19. Rxe1 Be6 20. Rd1 Qd7
21. Kh1 Rd8 22. f3 c5 23. Qf2 Qc7 24. Qg3 Qxg3 25. hxg3 Rd7 26. Re1 c4 27. Be4
Nxe4 28. fxe4 Rb7 29. Rb1 Kf8 30. Kg1 a5 31. c3 Ke7 32. Kf2 Rd7 33. Ke3 Kf6 34.
Rf1+ Ke5 35. Rf2 g5 36. Re2 Bg4 37. Rf2 Rd3# 0-1

[Event "100 Jahre Schvgg Blankenese - Open 2023"]
[Site "Lise-Meitner-Gymnasium (HH)"]
[Date "2023.10.02"]
[Round "5.39"]
[White "Baumann, Simon"]
[Black "Krüger, Dietrich"]
[Result "1-0"]
[WhiteElo "1450"]
[BlackElo "1190"]
[PlyCount "49"]
[EventDate "2023.09.30"]
[EventType "swiss"]
[EventRounds "7"]
[WhiteTeam "HSK Lister Turm"]
[BlackTeam "Barmbeker SK 1926 eV"]

1. e4 Nc6 2. Nf3 e5 3. Bc4 g6 4. d3 d6 5. Ng5 Be6 6. Bxe6 fxe6 7. Nxe6 Qe7 8.
Ng5 O-O-O 9. Nc3 h6 10. Qg4+ Kb8 11. Nf3 g5 12. Nd5 Qf7 13. h4 Nf6 14. Qf5 Bg7
15. Be3 Rdf8 16. Nxf6 Bxf6 17. hxg5 Ne7 18. Qxf6 Qe8 19. Qe6 hxg5 20. O-O-O g4
21. Ng5 Rhg8 22. Rh7 Rg6 23. Qxe7 b6 24. Qxc7+ Ka8 25. Qxa7# 1-0

[Event "100 Jahre Schvgg Blankenese - Open 2023"]
[Site "Lise-Meitner-Gymnasium (HH)"]
[Date "2023.10.02"]
[Round "5.40"]
[White "Moskalenko, Michael"]
[Black "Bauta, Luan"]
[Result "1-0"]
[WhiteElo "1270"]
[BlackElo "857"]
[PlyCount "37"]
[EventDate "2023.09.30"]
[EventType "swiss"]
[EventRounds "7"]
[WhiteTeam "Elmshorner SC von 1896"]
[BlackTeam "Königsspr. SC.1984 e.V."]

1. d4 d5 2. c4 dxc4 3. e4 Nf6 4. e5 Ne4 5. Bxc4 Nc6 6. Be3 e6 7. a3 f6 8. Qd3
Ng5 9. f4 Nf7 10. Nf3 a6 11. O-O b5 12. Ba2 Bb7 13. Bxe6 fxe5 14. Nxe5 Nfxe5
15. fxe5 Nxe5 16. Qf5 Bd6 17. dxe5 Rf8 18. Bf7+ Ke7 19. Qe6# 1-0

[Event "100 Jahre Schvgg Blankenese - Open 2023"]
[Site "Lise-Meitner-Gymnasium (HH)"]
[Date "2023.10.02"]
[Round "5.43"]
[White "Altun, Mohamed"]
[Black "Lorenz, Felix"]
[Result "0-1"]
[WhiteElo "1247"]
[BlackElo "1225"]
[PlyCount "50"]
[EventDate "2023.09.30"]
[EventType "swiss"]
[EventRounds "7"]
[WhiteTeam "Findorffer Sfr"]
[BlackTeam "SF Wedel"]

1. e4 e5 2. Nf3 Nc6 3. Bc4 Nf6 4. Ng5 d5 5. exd5 b5 6. Bb3 Nd4 7. d3 Nxb3 8.
axb3 Qxd5 9. Nc3 Qd6 10. O-O Bb7 11. Nf3 O-O-O 12. Re1 e4 13. Ne5 Qe6 14. Bf4
g5 15. Bg3 h5 16. h4 gxh4 17. Bh2 h3 18. Rxa7 Rg8 19. Qa1 Rxg2+ 20. Kf1 Kb8 21.
Nxb5 Qb6 22. Re2 Qxb5 23. Nxf7 Rd7 24. Ne5 Rxh2 25. Nxd7+ Qxd7 0-1

[Event "100 Jahre Schvgg Blankenese - Open 2023"]
[Site "Lise-Meitner-Gymnasium (HH)"]
[Date "2023.10.02"]
[Round "5.44"]
[White "Remizov, Kyryl"]
[Black "Arps, Mats"]
[Result "1-0"]
[WhiteElo "1175"]
[BlackElo "1128"]
[PlyCount "74"]
[EventDate "2023.09.30"]
[EventType "swiss"]
[EventRounds "7"]
[WhiteTeam "Stader SV"]
[BlackTeam "SK Wilhelmsburg 1936 eV"]

1. d4 b6 2. Bf4 Bb7 3. e3 e6 4. Nf3 d5 5. c4 Nf6 6. Nc3 Bb4 7. Qa4+ Nc6 8. Ne5
Ne4 9. Nxc6 Bxc3+ 10. bxc3 Qd7 11. cxd5 Nxc3 12. Qc4 Nxd5 13. Ne5 Qe7 14. Qb5+
Kf8 15. Bc4 a6 16. Qb3 b5 17. Bxd5 Bxd5 18. Qc3 g5 19. Bg3 f6 20. Nf3 Rc8 21.
Rc1 c6 22. a3 a5 23. Nh4 Kf7 24. f3 h5 25. Rf1 Rhg8 26. Qd3 Rg7 27. Qc3 f5 28.
e4 Bc4 29. Rf2 Kg8 30. Qb4 Qd7 31. Be5 g4 32. Qd2 Re8 33. Bxg7 Qxg7 34. e5 gxf3
35. Rxf3 Kf7 36. Rg3 Qh7 37. Qg5 Rf8 1-0

[Event "100 Jahre Schvgg Blankenese - Open 2023"]
[Site "Lise-Meitner-Gymnasium (HH)"]
[Date "2023.10.02"]
[Round "5.46"]
[White "Karlinder, Lovis Neo"]
[Black "Döpmann, Christoph"]
[Result "1/2-1/2"]
[WhiteElo "1308"]
[BlackElo "1536"]
[PlyCount "113"]
[EventDate "2023.09.30"]
[EventType "swiss"]
[EventRounds "7"]
[WhiteTeam "Schleswiger SV von 1919"]
[BlackTeam "SF Nordost Berlin"]

1. e4 d5 2. exd5 Qxd5 3. Nc3 Qd6 4. d4 Nf6 5. Nf3 c6 6. Bc4 Bg4 7. h3 Bh5 8.
Be3 e6 9. O-O Qc7 10. a3 Nbd7 11. Be2 Bd6 12. Ng5 Bxe2 13. Qxe2 O-O 14. Nf3 Be7
15. Bg5 h6 16. Bxf6 Nxf6 17. Rfd1 Rad8 18. Qc4 Rd7 19. Rd2 Ne4 20. Nxe4 Qf4 21.
Qe2 Rfd8 22. Qe3 Qxe3 23. fxe3 f5 24. Nf2 Bg5 25. Re1 e5 26. c3 exd4 27. Rxd4
c5 28. Rxd7 Rxd7 29. e4 Bh4 30. Kf1 Rd2 31. Re2 Rxe2 32. Kxe2 Bxf2 33. Kxf2 f4
34. Ne5 g5 35. h4 Kg7 36. hxg5 hxg5 37. g3 fxg3+ 38. Kxg3 Kf6 39. Kg4 c4 40. a4
Kxe5 41. Kxg5 Kxe4 42. Kf6 Kd3 43. Ke5 Kc2 44. Kd4 Kxb2 45. Kxc4 Ka3 46. Kb5
Kb3 47. c4 a6+ 48. Kb6 Kxc4 49. Kxb7 a5 50. Kc6 Kb4 51. Kd5 Ka3 52. Kc5 Kxa4
53. Kc4 Ka3 54. Kc3 a4 55. Kc2 Ka2 56. Kc1 Kb3 57. Kb1 1/2-1/2

[Event "100 Jahre Schvgg Blankenese - Open 2023"]
[Site "Lise-Meitner-Gymnasium (HH)"]
[Date "2023.10.02"]
[Round "6.1"]
[White "Ertan, Can"]
[Black "Schulze, Lara"]
[Result "1-0"]
[WhiteElo "2339"]
[BlackElo "2284"]
[PlyCount "55"]
[EventDate "2023.09.30"]
[EventType "swiss"]
[EventRounds "7"]
[WhiteTeam "FC ST.Pauli 1910 eV SAbt"]
[BlackTeam "SAbt SV Werder Bremen"]

1. e4 e5 2. Nf3 Nc6 3. Bb5 a6 4. Ba4 Nf6 5. O-O d6 6. d4 b5 7. dxe5 dxe5 8.
Qxd8+ Nxd8 9. Bb3 Bd6 10. Bg5 Be6 11. Nc3 Nd7 12. Bxd8 Rxd8 13. Bxe6 fxe6 14.
a4 c6 15. axb5 axb5 16. Rfd1 Ke7 17. Ra7 Rhf8 18. Rd3 b4 19. Na4 Rf4 20. Nd2
Bb8 21. Rb7 Ke8 22. g3 Rf7 23. Nc4 Re7 24. Nab6 Nxb6 25. Rxd8+ Kxd8 26. Rxb8+
Nc8 27. Nxe5 Kc7 28. Rxb4 1-0

[Event "100 Jahre Schvgg Blankenese - Open 2023"]
[Site "Lise-Meitner-Gymnasium (HH)"]
[Date "2023.10.02"]
[Round "6.2"]
[White "Parvanyan, Alfred"]
[Black "Feuerstack, Aljoscha"]
[Result "0-1"]
[WhiteElo "2161"]
[BlackElo "2477"]
[PlyCount "108"]
[EventDate "2023.09.30"]
[EventType "swiss"]
[EventRounds "7"]
[WhiteTeam "SK Norderstedt von 1975"]
[BlackTeam "FC ST.Pauli 1910 eV SAbt"]

1. Nf3 c5 2. c4 Nf6 3. g3 b6 4. Bg2 Bb7 5. O-O e6 6. Nc3 Be7 7. d3 O-O 8. Bf4
d6 9. h3 Nbd7 10. g4 Re8 11. e4 a6 12. Nh2 e5 13. Bg3 Nf8 14. f4 exf4 15. Bxf4
N6d7 16. Bg3 Ng6 17. Nf3 Ndf8 18. Qd2 Ne6 19. Nd5 b5 20. Nxe7+ Qxe7 21. b3 f6
22. Nh4 Ne5 23. Nf5 Qd8 24. Rad1 Bc6 25. h4 g6 26. Nh6+ Kg7 27. Bh3 Ra7 28. g5
fxg5 29. Bxe6 Kxh6 30. Bxe5 dxe5 31. Bd5 Bxd5 32. cxd5 Kh5 33. Qxg5+ Qxg5+ 34.
hxg5 Kxg5 35. Rd2 Rc8 36. Rg2+ Kh6 37. Rf6 c4 38. dxc4 bxc4 39. Rc2 Kg5 40. Rf3
Rac7 41. Rfc3 Kf4 42. Rxc4 Rxc4 43. Rxc4 Rb8 44. Kf2 h5 45. b4 g5 46. a3 h4 47.
Rc1 g4 48. d6 Rd8 49. Rd1 Rd7 50. a4 g3+ 51. Kg2 Kg4 52. b5 h3+ 53. Kh1 h2 54.
b6 Kh3 0-1

[Event "100 Jahre Schvgg Blankenese - Open 2023"]
[Site "Lise-Meitner-Gymnasium (HH)"]
[Date "2023.10.02"]
[Round "6.3"]
[White "Callsen, Niklas"]
[Black "Brendel, Oliver"]
[Result "1/2-1/2"]
[WhiteElo "2176"]
[BlackElo "2280"]
[PlyCount "70"]
[EventDate "2023.09.30"]
[EventType "swiss"]
[EventRounds "7"]
[WhiteTeam "SK Doppelbauer Kiel von 1910 e.V"]
[BlackTeam "SV 1920 Hofheim"]

1. e4 c5 2. Nf3 e6 3. d4 cxd4 4. Nxd4 Nc6 5. Nc3 Qc7 6. Be3 a6 7. Qf3 Nf6 8.
O-O-O Ne5 9. Qg3 b5 10. a3 Bb7 11. Bxb5 Rc8 12. Ba4 Nxe4 13. Nxe4 Bxe4 14. Bf4
Qa5 15. b3 Ng4 16. Rhe1 Nf6 17. Bd6 Bxd6 18. Qxd6 Qc7 19. Qxc7 Rxc7 20. f3 Bg6
21. c4 O-O 22. Kb2 Rfc8 23. Re5 d5 24. cxd5 Nxd5 25. Bc6 Nf4 26. Be4 f6 27. Ra5
Bxe4 28. fxe4 e5 29. Nf5 Nd3+ 30. Kb1 Rc1+ 31. Rxc1 Rxc1+ 32. Ka2 Rc2+ 33. Kb1
Rc1+ 34. Ka2 Rc2+ 35. Kb1 Rc1+ 1/2-1/2